The NPLG and the residential e-revolution. (Record no. 60803)
[ view plain ]
| 000 -LEADER | |
|---|---|
| fixed length control field | 00620cam a2200157 4500 |
| 001 - CONTROL NUMBER | |
| control field | ABS61115 |
| 008 - FIXED-LENGTH DATA ELEMENTS--GENERAL INFORMATION | |
| fixed length control field | 000000n1999 000 0 eng u |
| 035 ## - SYSTEM CONTROL NUMBER | |
| System control number | (Sirsi) u101678 |
| 100 ## - MAIN ENTRY--PERSONAL NAME | |
| Personal name | Baldwin, F. |
| 245 #4 - TITLE STATEMENT | |
| Title | The NPLG and the residential e-revolution. |
| 260 ## - PUBLICATION, DISTRIBUTION, ETC. | |
| Date of publication, distribution, etc. | 1999 |
| 490 ## - SERIES STATEMENT | |
| Series statement | Property Systems Review |
| Volume/sequential designation | (10) Summer 1999, 8-10(3) |
| 520 ## - SUMMARY, ETC. | |
| Summary, etc. | Examines the effects of the agreement, signed by Property Intelligence to develop the National Land and Property Gazetteer, on the emerging electronic residential property market. |
| 690 ## - LOCAL SUBJECT ADDED ENTRY--TOPICAL TERM (OCLC, RLIN) | |
| Topical term or geographic name as entry element | MANAGEMENT-BUSINESS MANAGEMENT-INFORMATION MANAGEMENT |
| 942 ## - ADDED ENTRY ELEMENTS (KOHA) | |
| Suppress in OPAC | 0 |
| Withdrawn status | Lost status | Source of classification or shelving scheme | Damaged status | Not for loan | Home library | Current library | Shelving location | Date acquired | Total Checkouts | Full call number | Barcode | Date last seen | Copy number | Price effective from | Koha item type |
|---|---|---|---|---|---|---|---|---|---|---|---|---|---|---|---|
| Dewey Decimal Classification | London | London | Journal article | 09/11/1999 | ABS61115 | 101678-1001 | 06/08/2019 | 1 | 06/08/2019 | Journal article |